000 01031nam a22001937a 4500
005 20241007134025.0
008 240630b ||||| |||| 00| 0 eng d
040 _cSSBUL
041 _aMyanmar
082 _223
_a၂၉၄.၃၀၉၅၄ အံ့
_b၉၁၉၂ S-SAT
100 0 _aအံ့၊ မောင် (မဟာဝိဇ္ဇာ-ဘုံဘေ)
_916443
245 1 0 _aမြတ်ဘုရားပွင့်တော်မူရာ ဗုဒ္ဓဂယာ /
_cမောင်အံ့ (မဟာဝိဇ္ဇာ-ဘုံဘေ) ။
250 _aသတ္တမအကြိမ်။
260 _aရန်ကုန် ၊
_bကမ္ဘာအေးစာပုံနှိပ်တိုက်၊
_bသာသာနာရေးဦးစီးဌာန၊
_c၂၀၀၁။
300 _a၁၇၄ စာမျက်နှာ ၊
_bဓါတ်ပုံ၊ မြေပုံ ၊
_c၂၁ စင်တီ။
500 _aS-SAT: Dr. Sai Aung Tun
650 _aဗုဒ္ဓဂယာ
_97193
942 _2ddc
_cBK1
999 _c40934
_d40934